Statistics for Survivor 45 Cast

Click here to take the quiz!

General Stats

  • This quiz has been taken 99 times
    (87 since last reset)
  • The average score is 17 of 18

Answer Stats

HintAnswer% Correct
RebaAustin
100%
RebaDee
100%
RebaJ. Maya
100%
RebaDrew
99%
LuluEmily
99%
RebaJulie
99%
BeloBrando
97%
LuluBrandon
97%
BeloBruce
97%
LuluKaleb
97%
BeloKaturah
94%
LuluHannah
91%
BeloJake
91%
BeloKellie
91%
LuluSean
91%
RebaSifu
91%
BeloKendra
90%
LuluSabiyah
85%

Score Distribution

Percentile by Number Answered

Percent of People with Each Score

Your Score History

You have not taken this quiz since the last reset